000 00660nam a2200205 4500
003 LK-CoMWRAF
005 20231212123520.0
008 231212b |||||||| |||| 00| 0 eng d
020 _a9789556250558
040 _aLK-CoMWRAF
_dLK-CoMWRAF
_eLK-CoMWRAF
041 _aeng
082 _a346
_bSIR
100 _aSiripala, Nimal
245 _aDemystifying popular myths on demographic trends of Muslim in Sri Lanka
260 _aColombo :
_bMuslim women's research and action forum
650 _aPopular myths on demographic trends of Muslim in Sri Lanka
650 _aDemographic trends of Muslim in Sri Lanka
650 _aMuslim in Sri Lanka
942 _cBK
999 _c4365
_d4365